00856cam a22002531 4500001001300000003000400013005001700017008004100034010001700075035002000092040002600112042001200138043001200150050001700162100001900179245008600198260002200284300001800306500008300324500009200407650003800499710004800537999001700585sa 68013874 DLC20260227112627.0860317s1964 io 000 0 ind  asa 68013874  a(OCoLC)13303018 aDLCcCUdCUdMiUdDLC apremarc aa-io---00aHD70.I5bP351 aPanglaykim, J.10aKaum manager Indonesia,bkekuatan sosial jang revolusionairc[oleh J. Panglaykim] aDjakarta,c[1964] a10 p.c32 cm. aAt head of title: Lembaga Management, Fakultas Ekonomi, Universitas Indonesia. a"Pidato jang diutjapakan pada memperkenalkan Lembaga Management/penbukaan LPK ke-v ..." 0aIndustrial managementzIndonesia.2 aUniversitas Indonesia.bLembaga Management. c85416d85416